000 01049nam a22002897a 4500
001 0005836
003 DO-SdBNP
005 20230317101843.0
007 0005836
008 160622b 2004 cl | 00| 0 spa d
020 _a9587041577
040 _aBPMSU
_bspa
_cBPMSU
082 4 _aA863.6
_bC827o 2004
_222
100 1 _aCortázar, Julio,
_d1914-1984.
245 1 0 _aOctaedro /
_cJulio Cortázar.
260 _aBogotá :
_bAlfaguara,
_c2004.
300 _a148 p. ;
_c21 cm.
490 0 _aBiblioteca Cortázar
500 _aIncluye datos biográficos del autor en la solapa de la cubierta.
505 _tLiliana llorando --
_tLos pasos en las huellas --
_tManuscrito hallado en un bolsillo --
_tVerano --
_tAhí pero dónde, cómo --
_tLugar llamado Kindberg --
_tLas fases de Severo --
_tCuello de gatito negro.
590 _6Inventariado, 2023/VM
650 4 _aCuentos argentinos
650 4 _aLiteratura argentina
830 0 _pAlfaguara ;
_aBiblioteca Cortázar
910 _aLOPEREZ/ VMateo V. Control de calidad (BPMSU)
942 _2ddc
_cBK
999 _c10480
_d10480